000
00356nam a2200133Ia 4500
003
GCL
008
140319s9999 xx 000 0 ara d
040
_a
GCL /
_c
GCL
082
0
4
_a
133.7
_b
ف ك
245
1
0
_a
كشف الالعاب السحرية وحيل الدجالين
260
_a
[S.N] :
_b
دار الرشيد ،
_c
1989
300
_a
211 ص
490
_a
999
_c
53462
_d
53462